City fund to finance URC masterplans (Record no. 69131)

MARC details
000 -LEADER
fixed length control field 00955cam a2200265 4500
001 - CONTROL NUMBER
control field WB3801-44
008 - FIXED-LENGTH DATA ELEMENTS--GENERAL INFORMATION
fixed length control field 011218n2001 000 0 eng u
035 ## - SYSTEM CONTROL NUMBER
System control number (Sirsi) u116025
245 ## - TITLE STATEMENT
Title City fund to finance URC masterplans
260 ## - PUBLICATION, DISTRIBUTION, ETC.
Date of publication, distribution, etc. 2001
490 ## - SERIES STATEMENT
Series statement Regeneration and Renewal
Volume/sequential designation 14 December 2001, 1(1)
520 ## - SUMMARY, ETC.
Summary, etc. The English Cities Fund (ECF) launched by English Partnerships has been set up to attract investment into the regeneration of brownfield land and empty properties. ECF also aims to finance the implementation of two urban regeneration companies' masterplans.
590 ## - LOCAL NOTE (RLIN)
Local note WB
650 ## - SUBJECT ADDED ENTRY--TOPICAL TERM
Topical term or geographic name entry element PRIVATE SECTOR FUNDING
650 ## - SUBJECT ADDED ENTRY--TOPICAL TERM
Topical term or geographic name entry element URBAN REGENERATION
650 ## - SUBJECT ADDED ENTRY--TOPICAL TERM
Topical term or geographic name entry element PRIVATE INVESTORS
650 ## - SUBJECT ADDED ENTRY--TOPICAL TERM
Topical term or geographic name entry element STATE AID
650 ## - SUBJECT ADDED ENTRY--TOPICAL TERM
Topical term or geographic name entry element COMMERCIAL RETURN
650 ## - SUBJECT ADDED ENTRY--TOPICAL TERM
Topical term or geographic name entry element ENGLISH CITIES FUND
650 ## - SUBJECT ADDED ENTRY--TOPICAL TERM
Topical term or geographic name entry element BROWNFIELD LAND
650 ## - SUBJECT ADDED ENTRY--TOPICAL TERM
Topical term or geographic name entry element EMPTY PROPERTIES
650 ## - SUBJECT ADDED ENTRY--TOPICAL TERM
Topical term or geographic name entry element URBAN REGENERATION COMPANIES
690 ## - LOCAL SUBJECT ADDED ENTRY--TOPICAL TERM (OCLC, RLIN)
Topical term or geographic name as entry element REGENERATION
942 ## - ADDED ENTRY ELEMENTS (KOHA)
Suppress in OPAC 0
Holdings
Withdrawn status Lost status Source of classification or shelving scheme Damaged status Not for loan Home library Current library Shelving location Date acquired Total Checkouts Full call number Barcode Date last seen Copy number Price effective from Koha item type
    Dewey Decimal Classification     London London News article 18/12/2001   WB3801-44 116025-1001 06/08/2019 1 06/08/2019 News article